[Event "EYCC 2024 - O12"]
[Site "?"]
[Date "2024.08.24"]
[Round "3.1"]
[White "Ritzerveld, Noah"]
[Black "Gabadadze, Gabriel"]
[Result "1/2-1/2"]
[BlackElo "2016"]
[WhiteElo "2293"]
[LiveChessVersion "1.4.8"]

1. e4 {[%clk 1:30:58]} c5 {[%clk 1:30:54]} 2. Nf3 {[%clk 1:31:24]} e6
{[%clk 1:31:18]} 3. d4 {[%clk 1:31:50]} cxd4 {[%clk 1:31:43]} 4. Nxd4
{[%clk 1:32:16]} Nf6 {[%clk 1:32:08]} 5. Nc3 {[%clk 1:32:39]} Nc6
{[%clk 1:32:34]} 6. Ndb5 {[%clk 1:33:05]} d6 {[%clk 1:32:57]} 7. Bf4
{[%clk 1:33:31]} e5 {[%clk 1:33:23]} 8. Bg5 {[%clk 1:33:58]} a6 {[%clk 1:33:48]}
9. Na3 {[%clk 1:34:22]} b5 {[%clk 1:34:14]} 10. Nd5 {[%clk 1:34:33]} Be7
{[%clk 1:34:35]} 11. Bxf6 {[%clk 1:34:58]} Bxf6 {[%clk 1:35:00]} 12. c3
{[%clk 1:35:23]} Rb8 {[%clk 1:35:23]} 13. Nc2 {[%clk 1:35:38]} Bg5
{[%clk 1:35:39]} 14. a4 {[%clk 1:35:39]} bxa4 {[%clk 1:35:57]} 15. Ncb4
{[%clk 1:35:47]} Nxb4 {[%clk 1:36:18]} 16. cxb4 {[%clk 1:35:54]} O-O
{[%clk 1:35:22]} 17. Rxa4 {[%clk 1:33:49]} a5 {[%clk 1:34:38]} 18. b5
{[%clk 1:33:07]} Bd7 {[%clk 1:34:09]} 19. h4 {[%clk 1:28:20]} Bh6
{[%clk 1:22:01]} 20. Nc3 {[%clk 1:27:00]} Qb6 {[%clk 1:12:50]} 21. Bd3
{[%clk 1:19:41]} Kh8 {[%clk 1:03:27]} 22. O-O {[%clk 1:17:10]} g6
{[%clk 0:59:45]} 23. Qe2 {[%clk 0:54:58]} Qd8 {[%clk 0:42:30]} 24. Rfa1
{[%clk 0:49:02]} Qxh4 {[%clk 0:39:09]} 25. g3 {[%clk 0:48:45]} Qg5
{[%clk 0:30:22]} 26. Rxa5 {[%clk 0:44:49]} Bg4 {[%clk 0:25:43]} 27. f3
{[%clk 0:41:09]} Be6 {[%clk 0:23:38]} 28. Kg2 {[%clk 0:36:45]} f5
{[%clk 0:19:50]} 29. Bc4 {[%clk 0:34:39]} fxe4 {[%clk 0:11:30]} 30. Nxe4
{[%clk 0:34:15]} Bxc4 {[%clk 0:11:47]} 31. Qxc4 {[%clk 0:33:54]} Qf5
{[%clk 0:11:07]} 32. Rf1 {[%clk 0:29:28]} Rbc8 {[%clk 0:09:21]} 33. Qb3
{[%clk 0:27:01]} d5 34. Nc3 {[%clk 0:15:55]} e4 {[%clk 0:04:05]} 35. Qd1
{[%clk 0:15:33]} exf3+ {[%clk 0:02:46]} 36. Rxf3 {[%clk 0:15:55]} Qxf3+
{[%clk 0:02:55]} 37. Qxf3 {[%clk 0:16:20]} Rxf3 {[%clk 0:03:22]} 38. Kxf3
{[%clk 0:16:43]} d4 {[%clk 0:03:18]} 39. Nd1 {[%clk 0:16:43]} Rc4
{[%clk 0:00:34]} 40. b6 {[%clk 0:15:12]} Rb4 {[%clk 0:00:36]} 41. Ra8+
{[%clk 0:14:36]} Kg7 {[%clk 0:01:00]} 42. Ra7+ {[%clk 0:14:38]} Kf6
{[%clk 0:00:50]} 43. Rxh7 {[%clk 0:13:25]} Bg7 {[%clk 0:00:52]} 1/2-1/2

[Event "EYCC 2024 - O12"]
[Site "?"]
[Date "2024.08.24"]
[Round "3.2"]
[White "Gibala, Adam"]
[Black "Fulgentini, Edoardo"]
[Result "0-1"]
[BlackElo "2009"]
[WhiteElo "2199"]
[LiveChessVersion "1.4.8"]

1. e4 {[%clk 1:30:56]} c5 {[%clk 1:30:56]} 2. Nf3 {[%clk 1:31:17]} Nc6
{[%clk 1:31:24]} 3. Bb5 {[%clk 1:31:35]} e6 {[%clk 1:31:49]} 4. O-O
{[%clk 1:31:33]} Nge7 {[%clk 1:32:15]} 5. d4 {[%clk 1:31:53]} cxd4
{[%clk 1:32:40]} 6. Nxd4 {[%clk 1:32:17]} Qb6 {[%clk 1:33:08]} 7. Nxc6
{[%clk 1:30:57]} bxc6 {[%clk 1:33:32]} 8. Bd3 {[%clk 1:31:20]} Ng6
{[%clk 1:33:57]} 9. c4 {[%clk 1:31:12]} Be7 {[%clk 1:34:23]} 10. Qe2
{[%clk 1:30:59]} O-O {[%clk 1:23:40]} 11. Be3 {[%clk 1:29:00]} Qc7
{[%clk 1:23:00]} 12. g3 {[%clk 1:25:23]} Ne5 {[%clk 1:18:59]} 13. Bf4
{[%clk 1:11:10]} Bf6 {[%clk 1:07:32]} 14. Nc3 {[%clk 1:10:08]} d6
{[%clk 1:00:15]} 15. Rac1 {[%clk 1:08:46]} Qa5 {[%clk 0:49:09]} 16. Bd2
{[%clk 1:00:09]} Qb6 {[%clk 0:35:37]} 17. b3 {[%clk 0:53:49]} Qd4 18. Bb1
{[%clk 0:46:18]} Qxd2 {[%clk 0:35:01]} 19. Qxd2 {[%clk 0:46:42]} Nf3+
{[%clk 0:35:29]} 20. Kg2 {[%clk 0:47:04]} Nxd2 {[%clk 0:35:52]} 0-1

[Event "EYCC 2024 - O12"]
[Site "?"]
[Date "2024.08.24"]
[Round "3.3"]
[White "Marynychenko, Yehor"]
[Black "Torres Rebolledo, Alvaro"]
[Result "1/2-1/2"]
[BlackElo "2193"]
[WhiteElo "2015"]
[LiveChessVersion "1.4.8"]

1. e4 {[%clk 1:30:57]} c6 {[%clk 1:29:48]} 2. Nc3 {[%clk 1:31:19]} d5
{[%clk 1:30:11]} 3. Nf3 {[%clk 1:31:39]} dxe4 {[%clk 1:30:22]} 4. Nxe4
{[%clk 1:32:02]} Nf6 {[%clk 1:30:38]} 5. Nxf6+ {[%clk 1:32:21]} exf6
{[%clk 1:30:27]} 6. d4 {[%clk 1:32:38]} Bd6 {[%clk 1:25:33]} 7. Bd3
{[%clk 1:28:53]} O-O {[%clk 1:23:36]} 8. O-O {[%clk 1:26:36]} Bg4
{[%clk 1:19:02]} 9. h3 {[%clk 1:24:17]} Bh5 {[%clk 1:18:11]} 10. c3
{[%clk 1:23:19]} Bc7 {[%clk 1:15:31]} 11. Re1 {[%clk 1:16:38]} Qd6
{[%clk 1:06:46]} 12. g3 {[%clk 1:05:23]} Na6 {[%clk 0:55:26]} 13. Bf4
{[%clk 1:02:39]} Qd5 {[%clk 0:47:56]} 14. Be4 {[%clk 1:02:12]} Qd7
{[%clk 0:47:16]} 15. Bxc7 {[%clk 1:01:35]} Nxc7 {[%clk 0:47:08]} 16. g4
{[%clk 0:52:06]} Bg6 {[%clk 0:45:35]} 17. Nh4 {[%clk 0:50:39]} Bxe4
{[%clk 0:42:38]} 18. Rxe4 {[%clk 0:48:59]} Ne6 {[%clk 0:41:06]} 19. Re3
{[%clk 0:44:34]} Rfe8 {[%clk 0:37:56]} 20. Ng2 {[%clk 0:33:48]} Ng5
{[%clk 0:30:16]} 21. h4 {[%clk 0:33:21]} Rxe3 {[%clk 0:29:51]} 22. Nxe3
{[%clk 0:33:02]} Nh3+ {[%clk 0:29:54]} 23. Kg2 {[%clk 0:32:13]} Nf4+
{[%clk 0:29:51]} 24. Kg1 {[%clk 0:32:09]} Nd5 {[%clk 0:26:56]} 25. Ng2
{[%clk 0:28:34]} f5 {[%clk 0:23:52]} 26. g5 {[%clk 0:27:45]} Re8 {[%clk 0:22:15]}
27. Qf3 {[%clk 0:26:40]} Re4 {[%clk 0:20:55]} 28. Re1 {[%clk 0:26:38]} Qe6
{[%clk 0:16:07]} 29. Rxe4 {[%clk 0:26:15]} fxe4 {[%clk 0:15:28]} 30. Qg3
{[%clk 0:26:35]} h5 {[%clk 0:13:11]} 31. gxh6 {[%clk 0:23:21]} Qxh6
{[%clk 0:13:08]} 32. Qb8+ {[%clk 0:23:03]} Kh7 {[%clk 0:13:26]} 33. Qxb7
{[%clk 0:22:51]} Qg6 {[%clk 0:11:37]} 34. h5 {[%clk 0:21:18]} Qxh5
{[%clk 0:10:26]} 35. Qxc6 {[%clk 0:21:19]} Qd1+ {[%clk 0:10:06]} 36. Kh2
{[%clk 0:21:44]} Nf6 {[%clk 0:10:05]} 37. Ne3 {[%clk 0:20:45]} Qe2
{[%clk 0:09:03]} 38. Kg2 {[%clk 0:20:19]} Qf3+ {[%clk 0:08:40]} 39. Kf1
{[%clk 0:19:54]} Nh5 {[%clk 0:08:30]} 40. Qb5 {[%clk 0:16:39]} g6
{[%clk 0:06:59]} 41. Qc4 {[%clk 0:12:54]} Kg7 {[%clk 0:06:19]} 42. Ng2
{[%clk 0:12:33]} Qd1+ {[%clk 0:04:52]} 43. Ne1 {[%clk 0:12:57]} Nf4
{[%clk 0:04:12]} 44. d5 {[%clk 0:12:49]} Qxd5 {[%clk 0:03:54]} 45. Qxd5
{[%clk 0:12:59]} Nxd5 {[%clk 0:04:23]} 46. Nc2 {[%clk 0:12:15]} f5
{[%clk 0:04:15]} 47. c4 {[%clk 0:12:30]} Nc7 {[%clk 0:04:07]} 48. b4
{[%clk 0:12:25]} Kf6 {[%clk 0:04:17]} 49. Nd4 {[%clk 0:12:13]} Ne6
{[%clk 0:03:03]} 50. Nxe6 {[%clk 0:11:49]} Kxe6 {[%clk 0:03:20]} 51. f4
{[%clk 0:11:57]} exf3 {[%clk 0:03:22]} 52. Kf2 {[%clk 0:12:22]} Ke5
{[%clk 0:03:43]} 53. Kxf3 {[%clk 0:12:35]} g5 {[%clk 0:03:46]} 54. c5
{[%clk 0:12:58]} Kd5 {[%clk 0:03:48]} 55. Kg3 {[%clk 0:12:32]} f4+
{[%clk 0:03:40]} 56. Kf3 {[%clk 0:12:51]} Kc6 {[%clk 0:03:30]} 57. Ke4
{[%clk 0:12:52]} a5 {[%clk 0:02:52]} 58. a3 {[%clk 0:13:17]} a4 {[%clk 0:03:09]}
59. Kf3 {[%clk 0:13:41]} Kd5 {[%clk 0:03:32]} 60. Kg4 {[%clk 0:13:58]} Kc6
{[%clk 0:03:02]} 1/2-1/2

[Event "EYCC 2024 - O12"]
[Site "?"]
[Date "2024.08.24"]
[Round "3.4"]
[White "Sakotic, Nikola"]
[Black "Ambartsumian, Tyhran"]
[Result "0-1"]
[BlackElo "2156"]
[WhiteElo "1984"]
[LiveChessVersion "1.4.8"]

1. Nf3 {[%clk 1:30:09]} Nf6 {[%clk 1:30:52]} 2. g3 {[%clk 1:30:21]} e6
{[%clk 1:31:12]} 3. Bg2 {[%clk 1:30:41]} d5 {[%clk 1:31:37]} 4. O-O
{[%clk 1:31:03]} Be7 {[%clk 1:32:02]} 5. d3 {[%clk 1:31:06]} c5 {[%clk 1:31:47]}
6. Nbd2 {[%clk 1:31:27]} Nc6 {[%clk 1:31:40]} 7. e4 {[%clk 1:31:50]} h6
{[%clk 1:31:51]} 8. Re1 {[%clk 1:32:04]} O-O {[%clk 1:29:18]} 9. e5
{[%clk 1:31:39]} Nh7 {[%clk 1:29:42]} 10. c3 {[%clk 1:26:40]} b5 {[%clk 1:29:21]}
11. Nf1 {[%clk 1:26:50]} a5 {[%clk 1:29:21]} 12. h4 {[%clk 1:23:39]} a4
{[%clk 1:29:03]} 13. Bd2 {[%clk 1:23:04]} Qb6 {[%clk 1:19:17]} 14. Ne3
{[%clk 1:20:01]} Ba6 {[%clk 1:10:16]} 15. Bf1 {[%clk 1:11:31]} Kh8
{[%clk 1:07:24]} 16. Ng2 {[%clk 0:47:22]} Rfd8 {[%clk 0:48:06]} 17. g4
{[%clk 0:31:16]} g5 {[%clk 0:43:05]} 18. h5 {[%clk 0:25:24]} b4 {[%clk 0:42:45]}
19. c4 {[%clk 0:18:45]} dxc4 {[%clk 0:42:37]} 20. dxc4 {[%clk 0:19:13]} Nd4
{[%clk 0:43:00]} 21. Bd3 {[%clk 0:18:45]} Bb7 {[%clk 0:24:23]} 22. Nxd4
{[%clk 0:19:02]} Rxd4 {[%clk 0:24:47]} 23. Be3 {[%clk 0:19:12]} Qc6
{[%clk 0:20:33]} 24. f3 {[%clk 0:19:20]} Rd7 {[%clk 0:20:26]} 25. Qc2
{[%clk 0:15:47]} Qxf3 {[%clk 0:16:52]} 26. Bxh7 {[%clk 0:15:57]} b3
{[%clk 0:17:14]} 27. axb3 {[%clk 0:15:19]} axb3 {[%clk 0:17:36]} 28. Qf2
{[%clk 0:15:20]} Kxh7 {[%clk 0:15:23]} 29. Qxf3 {[%clk 0:15:18]} Bxf3
{[%clk 0:15:44]} 30. Rxa8 {[%clk 0:15:44]} Bxa8 {[%clk 0:16:06]} 31. Kf2
{[%clk 0:15:33]} f5 {[%clk 0:15:41]} 32. Ra1 {[%clk 0:14:12]} Be4
{[%clk 0:14:56]} 33. Ra6 {[%clk 0:13:57]} f4 {[%clk 0:14:59]} 34. Bc1
{[%clk 0:14:08]} Rd1 {[%clk 0:10:28]} 35. Rxe6 {[%clk 0:14:15]} Bf8
{[%clk 0:10:15]} 36. Nxf4 {[%clk 0:13:48]} Rxc1 {[%clk 0:08:38]} 37. Nd5
{[%clk 0:13:58]} Bxd5 {[%clk 0:08:28]} 38. cxd5 {[%clk 0:14:24]} Rd1
{[%clk 0:08:55]} 39. d6 {[%clk 0:14:43]} c4 {[%clk 0:09:18]} 40. Re7+
{[%clk 0:14:58]} Kg8 {[%clk 0:09:36]} 41. Rc7 {[%clk 0:15:17]} Bg7
{[%clk 0:07:37]} 42. Rc8+ {[%clk 0:14:59]} Kh7 {[%clk 0:07:13]} 43. Rc7
{[%clk 0:15:22]} c3 {[%clk 0:07:21]} 44. Rxc3 {[%clk 0:13:09]} Bxe5
{[%clk 0:07:45]} 45. Rxb3 {[%clk 0:13:28]} Rxd6 {[%clk 0:07:20]} 46. Rb7+
{[%clk 0:13:40]} Kg8 {[%clk 0:07:07]} 47. Kf3 {[%clk 0:14:02]} Rd4
{[%clk 0:07:31]} 48. Rb6 {[%clk 0:11:25]} Rf4+ {[%clk 0:07:16]} 49. Ke2
{[%clk 0:11:54]} Kg7 {[%clk 0:06:38]} 50. Rb7+ {[%clk 0:12:01]} Kg8
{[%clk 0:06:48]} 51. Rb6 {[%clk 0:11:44]} Kh7 {[%clk 0:07:17]} 52. Rb7+
{[%clk 0:11:20]} Bg7 {[%clk 0:07:43]} 53. b4 {[%clk 0:11:37]} Rxg4
{[%clk 0:08:07]} 54. b5 {[%clk 0:12:04]} Rb4 {[%clk 0:08:24]} 55. b6
{[%clk 0:12:26]} Rb3 {[%clk 0:08:05]} 56. Kf2 {[%clk 0:12:40]} Rxb6
{[%clk 0:08:26]} 57. Rd7 {[%clk 0:13:00]} Rb4 {[%clk 0:08:50]} 58. Kg3
{[%clk 0:13:26]} Rh4 {[%clk 0:09:15]} 59. Kg2 {[%clk 0:13:52]} Rxh5
{[%clk 0:09:39]} 60. Kg3 {[%clk 0:14:04]} Rh4 {[%clk 0:10:05]} 61. Kg2
{[%clk 0:13:47]} Rf4 {[%clk 0:09:44]} 62. Kg3 {[%clk 0:14:12]} Kg6
{[%clk 0:10:08]} 63. Rd6+ {[%clk 0:14:39]} Bf6 {[%clk 0:10:29]} 64. Kh3
{[%clk 0:15:05]} h5 {[%clk 0:10:52]} 65. Kg3 {[%clk 0:15:30]} h4+
{[%clk 0:11:18]} 66. Kg2 {[%clk 0:15:57]} g4 {[%clk 0:11:44]} 67. Kh1
{[%clk 0:16:16]} Rf2 {[%clk 0:12:09]} 68. Kg1 {[%clk 0:16:42]} Rc2
{[%clk 0:12:33]} 69. Kh1 {[%clk 0:17:07]} h3 {[%clk 0:12:58]} 70. Kg1
{[%clk 0:17:30]} g3 {[%clk 0:13:21]} 71. Rd1 {[%clk 0:17:46]} Bd4+
{[%clk 0:13:46]} 72. Kf1 {[%clk 0:18:09]} g2+ {[%clk 0:14:09]} 73. Ke1
{[%clk 0:18:36]} Bf2# 0-1

[Event "EYCC 2024 - O12"]
[Site "?"]
[Date "2024.08.24"]
[Round "3.5"]
[White "Saminskij, Jan"]
[Black "Frigerio, Riccardo"]
[Result "1-0"]
[BlackElo "1973"]
[WhiteElo "2115"]
[LiveChessVersion "1.4.8"]

1. e4 {[%clk 1:29:58]} c5 {[%clk 1:30:51]} 2. Nf3 {[%clk 1:30:09]} d6
{[%clk 1:31:16]} 3. d4 {[%clk 1:30:22]} cxd4 {[%clk 1:31:41]} 4. Nxd4
{[%clk 1:30:18]} Nf6 {[%clk 1:32:06]} 5. Nc3 {[%clk 1:30:42]} g6 {[%clk 1:32:34]}
6. Be3 {[%clk 1:30:46]} Bg7 {[%clk 1:32:56]} 7. f3 {[%clk 1:31:06]} O-O
{[%clk 1:33:20]} 8. Qd2 {[%clk 1:31:31]} Nc6 {[%clk 1:33:46]} 9. Bc4
{[%clk 1:31:55]} Bd7 {[%clk 1:34:08]} 10. O-O-O {[%clk 1:32:15]} Rc8
{[%clk 1:34:35]} 11. Bb3 {[%clk 1:32:40]} Nxd4 {[%clk 1:34:59]} 12. Bxd4
{[%clk 1:30:06]} b5 {[%clk 1:34:57]} 13. h4 {[%clk 1:20:41]} a5 {[%clk 1:35:04]}
14. Bxf6 {[%clk 1:05:15]} Bxf6 {[%clk 1:35:19]} 15. h5 {[%clk 1:04:01]} a4
{[%clk 1:35:38]} 16. hxg6 {[%clk 1:03:12]} e6 {[%clk 1:34:39]} 17. Qxd6
{[%clk 0:58:45]} axb3 {[%clk 1:32:02]} 18. Qh2 {[%clk 0:48:02]} h6
{[%clk 1:30:59]} 19. axb3 {[%clk 0:44:47]} fxg6 {[%clk 1:30:38]} 20. Qd6
{[%clk 0:44:57]} Rf7 {[%clk 1:25:04]} 21. f4 {[%clk 0:43:44]} Bxc3
{[%clk 1:22:21]} 22. bxc3 {[%clk 0:44:07]} Qc7 {[%clk 1:20:58]} 23. Rxh6
{[%clk 0:43:51]} Kg7 {[%clk 1:21:05]} 24. Rh3 {[%clk 0:42:58]} Qxd6
{[%clk 1:19:40]} 25. Rxd6 {[%clk 0:43:25]} Rc7 {[%clk 1:16:57]} 26. Rhd3
{[%clk 0:42:36]} Kf6 {[%clk 1:14:39]} 27. g3 {[%clk 0:40:01]} Bc6
{[%clk 1:13:42]} 28. R3d4 {[%clk 0:38:54]} Rfd7 {[%clk 1:13:30]} 29. Rxc6
{[%clk 0:39:04]} Rxc6 {[%clk 1:12:22]} 30. Rxd7 {[%clk 0:39:24]} Rxc3
{[%clk 1:12:50]} 31. Rd3 {[%clk 0:39:47]} Rc6 {[%clk 1:11:23]} 32. Kd2
{[%clk 0:37:48]} g5 {[%clk 1:05:53]} 33. Rc3 {[%clk 0:35:29]} Rd6+
{[%clk 1:05:54]} 34. Ke2 {[%clk 0:31:10]} gxf4 {[%clk 1:04:40]} 35. gxf4
{[%clk 0:31:24]} e5 {[%clk 1:00:42]} 36. fxe5+ {[%clk 0:30:56]} Kxe5
{[%clk 1:01:07]} 37. Ke3 {[%clk 0:26:48]} Ke6 {[%clk 0:59:31]} 38. Rc5
{[%clk 0:27:06]} Rb6 {[%clk 0:59:55]} 39. b4 {[%clk 0:27:33]} Rb7
{[%clk 0:58:42]} 40. Kd4 {[%clk 0:27:51]} Kd6 {[%clk 0:56:14]} 41. Rh5
{[%clk 0:28:11]} Rb8 {[%clk 0:55:07]} 42. Rh6+ {[%clk 0:28:33]} Kd7
{[%clk 0:55:18]} 43. Kd5 {[%clk 0:28:51]} Ke7 {[%clk 0:55:08]} 44. e5
{[%clk 0:28:34]} Rd8+ {[%clk 0:55:18]} 45. Rd6 {[%clk 0:28:48]} Rh8
{[%clk 0:54:07]} 46. Rb6 {[%clk 0:28:01]} Rh2 {[%clk 0:54:23]} 47. Rb7+
{[%clk 0:28:25]} Kd8 {[%clk 0:54:47]} 48. Rxb5 {[%clk 0:24:34]} Rxc2
{[%clk 0:54:53]} 49. Kd6 {[%clk 0:24:40]} Rd2+ {[%clk 0:45:05]} 50. Rd5
{[%clk 0:24:59]} Rb2 {[%clk 0:43:48]} 51. b5 {[%clk 0:25:25]} Rb1
{[%clk 0:38:36]} 52. e6 {[%clk 0:25:50]} Rh1 {[%clk 0:36:35]} 53. b6
{[%clk 0:25:31]} Rh7 {[%clk 0:36:49]} 54. Kc6+ {[%clk 0:25:15]} Kc8
{[%clk 0:37:15]} 55. Rf5 {[%clk 0:24:43]} Rc7+ {[%clk 0:37:37]} 56. Kd6
{[%clk 0:25:09]} Rc1 {[%clk 0:37:37]} 57. Rc5+ {[%clk 0:25:35]} 1-0

[Event "EYCC 2024 - O12"]
[Site "?"]
[Date "2024.08.24"]
[Round "3.6"]
[White "Nicot, Valentin"]
[Black "Skytte, Robert"]
[Result "1-0"]
[BlackElo "1866"]
[WhiteElo "2068"]
[LiveChessVersion "1.4.8"]

1. e4 {[%clk 1:30:43]} d5 {[%clk 1:30:34]} 2. exd5 {[%clk 1:30:34]} Qxd5
{[%clk 1:30:53]} 3. Nc3 {[%clk 1:30:33]} Qa5 {[%clk 1:31:12]} 4. d4
{[%clk 1:30:05]} Nf6 {[%clk 1:31:31]} 5. Nf3 {[%clk 1:29:58]} Bg4
{[%clk 1:31:09]} 6. h3 {[%clk 1:29:59]} Bh5 {[%clk 1:31:18]} 7. g4
{[%clk 1:30:00]} Bg6 {[%clk 1:31:22]} 8. Ne5 {[%clk 1:30:02]} c6 {[%clk 1:29:13]}
9. Nc4 {[%clk 1:20:10]} Qc7 {[%clk 1:28:10]} 10. Bg2 {[%clk 1:17:21]} e6
{[%clk 1:26:52]} 11. Qe2 {[%clk 1:11:30]} Be7 {[%clk 1:23:36]} 12. Ne5
{[%clk 1:07:33]} Nbd7 {[%clk 1:23:03]} 13. Bf4 {[%clk 1:06:42]} Qb6
{[%clk 1:21:31]} 14. Nc4 {[%clk 1:02:52]} Qd8 {[%clk 1:19:28]} 15. Nd6+
{[%clk 1:00:31]} Bxd6 {[%clk 1:18:59]} 16. Bxd6 {[%clk 1:00:59]} Nb6
{[%clk 1:18:45]} 17. Bc5 {[%clk 0:59:04]} Nbd5 {[%clk 1:17:59]} 18. Bf3
{[%clk 0:52:25]} Nf4 {[%clk 1:15:23]} 19. Qe5 {[%clk 0:51:29]} N4d5
{[%clk 1:13:26]} 20. Nxd5 {[%clk 0:50:40]} Nxd5 {[%clk 1:04:53]} 21. Qxg7
{[%clk 0:46:39]} Qa5+ {[%clk 1:04:58]} 22. b4 {[%clk 0:43:31]} Nxb4
{[%clk 1:05:27]} 23. Qxh8+ {[%clk 0:40:01]} Kd7 {[%clk 1:05:07]} 24. Qxa8
{[%clk 0:40:18]} Nxc2+ {[%clk 1:05:08]} 25. Kf1 {[%clk 0:40:40]} Qb5+
{[%clk 1:02:15]} 26. Kg2 {[%clk 0:37:43]} 1-0

[Event "EYCC 2024 - O12"]
[Site "?"]
[Date "2024.08.24"]
[Round "3.7"]
[White "Radzimski, Antoni"]
[Black "Beniosev, Daniel"]
[Result "1-0"]
[BlackElo "1728"]
[WhiteElo "2062"]
[LiveChessVersion "1.4.8"]

1. d4 {[%clk 1:30:42]} Nf6 {[%clk 1:30:05]} 2. c4 {[%clk 1:31:03]} c5
{[%clk 1:29:54]} 3. d5 {[%clk 1:31:28]} e6 {[%clk 1:29:09]} 4. Nc3
{[%clk 1:31:41]} exd5 {[%clk 1:26:17]} 5. cxd5 {[%clk 1:32:03]} d6
{[%clk 1:25:46]} 6. Nf3 {[%clk 1:32:13]} g6 {[%clk 1:24:57]} 7. Bf4
{[%clk 1:32:35]} a6 {[%clk 1:24:07]} 8. a4 {[%clk 1:33:00]} Bg7 {[%clk 1:21:46]}
9. h3 {[%clk 1:33:26]} O-O {[%clk 1:20:57]} 10. e3 {[%clk 1:33:06]} Ne8
{[%clk 1:19:22]} 11. Be2 {[%clk 1:32:15]} Nd7 {[%clk 1:18:41]} 12. O-O
{[%clk 1:31:19]} Ne5 {[%clk 1:17:41]} 13. Nd2 {[%clk 1:30:20]} Rb8
{[%clk 1:10:05]} 14. Bh2 {[%clk 1:29:34]} Qe7 {[%clk 1:04:04]} 15. Re1
{[%clk 1:29:19]} Nc7 {[%clk 1:00:48]} 16. a5 {[%clk 1:28:41]} b5 {[%clk 0:59:25]}
17. axb6 {[%clk 1:28:09]} Rxb6 {[%clk 0:59:05]} 18. Qc2 {[%clk 1:26:23]} Nb5
{[%clk 0:49:00]} 19. f4 {[%clk 1:22:44]} Nd7 {[%clk 0:47:17]} 20. Bd3
{[%clk 1:20:46]} Rb8 {[%clk 0:44:41]} 21. Ra5 {[%clk 1:11:15]} Nc7
{[%clk 0:24:41]} 22. Nde4 {[%clk 0:55:10]} Nf6 {[%clk 0:20:31]} 23. Nxf6+
{[%clk 0:53:18]} Bxf6 {[%clk 0:20:00]} 24. e4 {[%clk 0:49:11]} Bd4+
{[%clk 0:18:37]} 25. Kh1 {[%clk 0:48:02]} Qh4 {[%clk 0:18:49]} 26. Raa1
{[%clk 0:46:04]} Bb7 {[%clk 0:17:45]} 27. Re2 {[%clk 0:43:16]} Rfc8
{[%clk 0:13:29]} 28. Bc4 {[%clk 0:40:27]} Rd8 {[%clk 0:09:26]} 29. Qd3
{[%clk 0:37:57]} h5 {[%clk 0:07:41]} 30. Rf1 {[%clk 0:36:41]} Qe7
{[%clk 0:07:22]} 31. e5 {[%clk 0:28:54]} Ne8 {[%clk 0:05:10]} 32. f5
{[%clk 0:26:34]} gxf5 {[%clk 0:04:42]} 33. exd6 {[%clk 0:26:38]} Qg5
{[%clk 0:04:19]} 34. d7 {[%clk 0:26:01]} Ng7 {[%clk 0:04:37]} 35. Bxb8
{[%clk 0:25:58]} Rxb8 {[%clk 0:05:02]} 36. Rfe1 {[%clk 0:25:06]} 1-0

[Event "EYCC 2024 - O12"]
[Site "?"]
[Date "2024.08.24"]
[Round "3.8"]
[White "Varyemez, Ali"]
[Black "Jalving, August"]
[Result "1/2-1/2"]
[BlackElo "2027"]
[WhiteElo "1964"]
[LiveChessVersion "1.4.8"]

1. d4 {[%clk 1:30:58]} Nf6 {[%clk 1:30:49]} 2. c4 {[%clk 1:31:23]} e6
{[%clk 1:31:13]} 3. Nf3 {[%clk 1:31:48]} d5 {[%clk 1:31:36]} 4. g3
{[%clk 1:32:14]} dxc4 {[%clk 1:32:01]} 5. Bg2 {[%clk 1:31:58]} c5
{[%clk 1:32:21]} 6. O-O {[%clk 1:32:03]} Nc6 {[%clk 1:32:46]} 7. Qa4
{[%clk 1:32:05]} Bd7 {[%clk 1:33:10]} 8. Qxc4 {[%clk 1:32:30]} b5
{[%clk 1:33:31]} 9. Qd3 {[%clk 1:32:32]} c4 {[%clk 1:33:51]} 10. Qc2
{[%clk 1:32:50]} Rc8 {[%clk 1:33:36]} 11. a4 {[%clk 1:33:10]} a6 {[%clk 1:33:00]}
12. axb5 {[%clk 1:33:38]} axb5 {[%clk 1:33:24]} 13. Bg5 {[%clk 1:33:55]} Be7
{[%clk 1:32:37]} 14. Nc3 {[%clk 1:34:03]} O-O {[%clk 1:31:24]} 15. Bxf6
{[%clk 1:34:18]} gxf6 {[%clk 1:22:05]} 16. Rad1 {[%clk 1:25:22]} Nb4
{[%clk 1:12:27]} 17. Qe4 {[%clk 1:22:35]} f5 {[%clk 1:09:07]} 18. Qb1
{[%clk 1:08:39]} Bc6 {[%clk 1:02:02]} 19. d5 {[%clk 0:58:16]} Bxd5
{[%clk 0:57:56]} 20. Nxd5 {[%clk 0:57:26]} Nxd5 {[%clk 0:58:09]} 21. Nd4
{[%clk 0:57:36]} Rc5 {[%clk 0:44:30]} 22. e4 {[%clk 0:52:36]} fxe4
{[%clk 0:44:02]} 23. Bxe4 {[%clk 0:51:00]} Qc7 {[%clk 0:36:03]} 24. Bxh7+
{[%clk 0:49:26]} Kh8 {[%clk 0:31:33]} 25. Rfe1 {[%clk 0:41:41]} Nf6
{[%clk 0:27:43]} 26. Be4 {[%clk 0:40:02]} Re5 {[%clk 0:18:26]} 27. Bg2
{[%clk 0:32:15]} Rxe1+ {[%clk 0:18:14]} 28. Rxe1 {[%clk 0:31:00]} Bc5
{[%clk 0:17:36]} 29. Nf3 {[%clk 0:20:58]} Ng4 {[%clk 0:08:16]} 30. Re2
{[%clk 0:16:39]} Nxf2 {[%clk 0:07:31]} 31. Rxf2 {[%clk 0:16:08]} Bxf2+
{[%clk 0:07:52]} 32. Kxf2 {[%clk 0:16:36]} Qc5+ {[%clk 0:07:47]} 33. Ke2
{[%clk 0:12:48]} Qd5 {[%clk 0:06:07]} 34. Qc1 {[%clk 0:11:39]} Kg7
{[%clk 0:05:59]} 35. Qc3+ {[%clk 0:11:08]} f6 {[%clk 0:06:01]} 36. Nh4
{[%clk 0:08:59]} Qe5+ {[%clk 0:04:56]} 37. Qxe5 {[%clk 0:09:28]} fxe5
{[%clk 0:05:09]} 38. Be4 {[%clk 0:09:33]} Rd8 {[%clk 0:04:30]} 39. Nf3
{[%clk 0:09:54]} Rd6 {[%clk 0:01:47]} 40. h4 {[%clk 0:07:39]} Ra6
{[%clk 0:01:58]} 41. Kd2 {[%clk 0:07:18]} Ra2 {[%clk 0:02:23]} 42. Kc1
{[%clk 0:03:59]} Ra1+ {[%clk 0:02:02]} 43. Bb1 {[%clk 0:03:17]} Kf6
{[%clk 0:01:29]} 44. Ng5 {[%clk 0:03:12]} b4 {[%clk 0:01:49]} 45. Ne4+
{[%clk 0:03:00]} Kg7 {[%clk 0:01:45]} 46. g4 {[%clk 0:03:19]} c3 {[%clk 0:01:50]}
47. bxc3 {[%clk 0:03:30]} bxc3 {[%clk 0:02:18]} 48. Nxc3 {[%clk 0:03:59]} Ra8
{[%clk 0:02:23]} 49. Ne4 {[%clk 0:02:49]} Rf8 {[%clk 0:01:46]} 50. g5
{[%clk 0:02:32]} Rf1+ {[%clk 0:02:09]} 51. Kb2 {[%clk 0:02:09]} Rh1
{[%clk 0:02:30]} 52. Nc5 {[%clk 0:02:34]} Rxh4 {[%clk 0:02:39]} 53. Nxe6+
{[%clk 0:03:02]} Kf7 {[%clk 0:02:51]} 54. Bf5 Rh2+ {[%clk 0:03:11]} 55. Kc3
{[%clk 0:02:40]} Rf2 {[%clk 0:03:34]} 56. g6+ {[%clk 0:02:21]} Kf6
{[%clk 0:03:54]} 57. g7 {[%clk 0:02:47]} Rg2 {[%clk 0:04:09]} 58. Bh3
{[%clk 0:02:34]} Rg3+ {[%clk 0:04:12]} 59. Kc4 {[%clk 0:03:03]} Kf7
{[%clk 0:04:32]} 60. Bf5 {[%clk 0:03:08]} Kf6 {[%clk 0:04:35]} 61. Bh3
{[%clk 0:03:22]} e4 {[%clk 0:04:40]} 62. Kd4 {[%clk 0:02:40]} e3 {[%clk 0:05:01]}
63. Nf4 {[%clk 0:02:47]} Rxg7 {[%clk 0:05:15]} 64. Nd5+ {[%clk 0:03:05]} Kf7
{[%clk 0:05:20]} 65. Nxe3 {[%clk 0:03:29]} Rg3 {[%clk 0:05:42]} 66. Bf1
{[%clk 0:03:53]} Rxe3 {[%clk 0:06:05]} 67. Kxe3 1/2-1/2